000 00526nam a2200169Ia 4500
008 090711s9999 xx 000 0 und d
082 _b55495
100 _aमोरे नारायण रा.
245 _aसंपत्तीSाा धूर
260 _c1986
300 _a32
600 _aमोरे नारायण रा.
630 _aसंपत्तीSाा धूर
700 _aमोरे नारायण रा.
730 _aसंपत्तीSाा धूर
942 _cBOOK
999 _c307152
_d307152